000
00222nam a2200085Ia 4500
008
120527s9999 xx 000 0 und d
100
_a
Meigs B. Meigs F.
245
_a
Accounting: the basis for business decisions
942
_c
BK
999
_c
27080
_d
27080